000
00309nam a2200133Ia 4500
008
220216s9999 xx 000 0 und d
100
_a
James
245
0
_a
Switch ittal latex kittumo ?
260
_b
Karshakasree
_c
2020
300
_a
69
650
_a
China
650
_a
Rubber tapping machine
942
_c
JS
999
_c
70105
_d
70105